Harry Potter: le Souafle - Statistiques

Statistiques générales
  • Ce quiz a été pris 63 fois
  • Le résultat moyen est 5 sur 5
Statistiques - réponses
Information Réponses % Correct
Première apparition Harry Potter à l'école des sorciers
98%
Dernière apparition Harry Potter et le Prince de Sang-Mêlé
98%
Dernière mention Harry Potter et les Reliques de la Mort
98%
Utilisation Marquer les buts pendant un match de Quidditch
94%
Couleur Ecarlate
92%
Aucun quiz correspondant
Distribution des résultats
% des personnes avec chaque résultat
Percentile par nombre de réponses
Votre historique - résultats
Vous n’avez pas pris ce quiz